000
00261nam a22001217a 4500
020
_a
978-93-8276-56-7
082
_a
823
_b
SAS/F
100
_a
MADAVOOR, SASI
245
_a
FRIENDS
260
_a
THRISSUR
_b
H&C
650
_a
ENGLISH SHORT STORY
_z
KERALA
942
_c
BK
999
_c
3594
_d
3594